000 00464cam a22001934a 4500
005 20250605164315.0
008 250528s ||||||||||||||||||||||||d
035 _a22659
020 _a9780072923544
040 _aGR-AtMCL
_bgre
_dGR-AtMCL
_eAACR2
245 1 _aDATA COMMUNICATIONS AND NETWORKING
250 _a3
260 _bMcgraw Hill,
_c2004
300 _a973
700 1 _aForouzan Behrouz A
_91911
942 _cBK
999 _c7707
_d7707